The Roman Pottery of Kent (Record no. 320)

MARC details
000 -CABECERA
campo de control de longitud fija 00792nam a2200241 a 4500
001 - NÚMERO DE CONTROL
campo de control BRCA_384
005 - FECHA Y HORA DE LA ÚLTIMA TRANSACCIÓN
campo de control 20190320203002.0
008 - DATOS DE LONGITUD FIJA--INFORMACIÓN GENERAL
campo de control de longitud fija 120905s1988----uk-a---f##---#001-u#eng-#
020 ## - NÚMERO INTERNACIONAL ESTÁNDAR DEL LIBRO
Número Internacional Estándar del Libro 0906746124
050 #4 - SIGNATURA TOPOGRÁFICA DE LA BIBLIOTECA DEL CONGRESO
Número de clasificación NK3850
Número de documento/Ítem .P65 1988
100 1# - ENTRADA PRINCIPAL--NOMBRE DE PERSONA
Nombre de persona Pollard, R. J.
9 (RLIN) 1291
245 10 - MENCIÓN DE TÍTULO
Título The Roman Pottery of Kent
Mención de responsabilidad, etc. by R. J. Pollard.
260 ## - PUBLICACIÓN, DISTRIBUCIÓN, ETC.
Lugar de publicación, distribución, etc. Maidstone, Kent
Nombre del editor, distribuidor, etc. Kent Archaeological Society
Fecha de publicación, distribución, etc. 1988
300 ## - DESCRIPCIÓN FÍSICA
Extensión xxxviii, 247 p.
Otras características físicas il., mapas
Dimensiones 28 cm.
440 #0 - MENCIÓN DE SERIE/PUNTO DE ACCESO ADICIONAL--TÍTULO
Título Monograph Series of the Kent Archaeological Society
Número de parte o sección de la obra 5
9 (RLIN) 1292
500 ## - NOTA GENERAL
Nota general Incluye índice analítico y lista de figuras
500 ## - NOTA GENERAL
Nota general Donación Consejo Británico
504 ## - NOTA DE BIBLIOGRAFÍA, ETC.
Nota de bibliografía, etc. Biliografía: (p. xv-xxxviii)
650 14 - PUNTO DE ACCESO ADICIONAL DE MATERIA--TÉRMINO DE MATERIA
Término de materia o nombre geográfico como elemento de entrada Cerámica romana
Subdivisión geográfica Inglaterra
9 (RLIN) 1293
650 14 - PUNTO DE ACCESO ADICIONAL DE MATERIA--TÉRMINO DE MATERIA
Término de materia o nombre geográfico como elemento de entrada Romanos
Subdivisión geográfica Kent
9 (RLIN) 1294
902 ## - CATALOGADOR
Iniciales DCB
942 ## - ELEMENTOS DE PUNTO DE ACCESO ADICIONAL (KOHA)
Fuente del sistema de clasificación o colocación Library of Congress Classification
Tipo de ítem Koha Libros
Holdings
Estado de retiro Estado de pérdida Estado dañado No para préstamo Localización permanente Ubicación/localización actual Fecha de adquisición Total de préstamos Signatura topográfica completa Código de barras Fecha visto por última vez Precio válido a partir de Tipo de ítem Koha
El ejemplar forma parte de la colección y puede ser consultado según las políticas vigentes.       Biblioteca del Museo Franz Mayer (Rogerio Casas-Alatriste) Biblioteca del Museo Franz Mayer (Rogerio Casas-Alatriste) 25/06/2008   NK3850 .P65 1988 DCB00038 22/03/2019 22/03/2019 Libros